[Event "Baku Chess Olympiad | Open"]
[Site "chess24.com"]
[Date "2016.09.06"]
[Round "5"]
[White "Soares, Erikson Roberto Mauricio"]
[Black "Huguet, Sergio"]
[Result "1/2-1/2"]
[Board "3"]
[WhiteID "10100091"]
[WhiteElo "2274"]
[WhiteTitle "IM"]
[WhiteCountry "ANG"]
[WhiteFideId "10100091"]
[WhiteEloChange "-5"]
[BlackID "2212552"]
[BlackElo "2099"]
[BlackTitle "FM"]
[BlackCountry "HON"]
[BlackFideId "2212552"]
[BlackEloChange "5"]

1. Nf3 {[%clk 1:30:59]} Nf6 {[%clk 1:30:49]} 2. g3 {[%clk 1:31:27]} g6 {[%clk
1:31:02]} 3. Bg2 {[%clk 1:31:52]} Bg7 {[%clk 1:31:16]} 4. d4 {[%clk 1:32:15]} d5
{[%clk 1:30:50]} 5. O-O {[%clk 1:32:37]} O-O {[%clk 1:30:39]} 6. c4 {[%clk
1:32:54]} c6 {[%clk 1:30:11]} 7. cxd5 {[%clk 1:31:53]} cxd5 {[%clk 1:30:21]} 8.
Nc3 {[%clk 1:32:22]} Nc6 {[%clk 1:29:53]} 9. Ne5 {[%clk 1:32:50]} e6 {[%clk
1:26:17]} 10. Nxc6 {[%clk 1:32:50]} bxc6 {[%clk 1:26:30]} 11. Bf4 {[%clk
1:31:48]} Nh5 {[%clk 1:20:11]} 12. Na4 {[%clk 1:28:22]} Nxf4 {[%clk 1:14:19]} 13.
gxf4 {[%clk 1:28:50]} g5 {[%clk 0:55:44]} 14. fxg5 {[%clk 1:28:50]} Qxg5 {[%clk
0:54:36]} 15. f4 {[%clk 1:27:45]} Qe7 {[%clk 0:49:57]} 16. e3 {[%clk 1:25:05]}
Bd7 {[%clk 0:46:07]} 17. Rc1 {[%clk 1:24:54]} Rfc8 {[%clk 0:45:16]} 18. Nc5
{[%clk 1:20:20]} Rab8 {[%clk 0:43:58]} 19. b3 {[%clk 1:20:15]} f5 {[%clk
0:36:07]} 20. Bf3 {[%clk 1:15:08]} Bf8 {[%clk 0:35:09]} 21. Kh1 {[%clk 1:09:12]}
Kh8 {[%clk 0:35:08]} 22. Nd3 {[%clk 1:06:53]} Bg7 {[%clk 0:31:59]} 23. Rg1 {[%clk
1:05:22]} Bf6 {[%clk 0:30:18]} 24. Nc5 {[%clk 1:04:08]} Rg8 {[%clk 0:29:47]} 25.
Rxg8+ {[%clk 0:59:36]} Rxg8 {[%clk 0:30:03]} 26. Nxd7 {[%clk 0:59:08]} Qxd7
{[%clk 0:30:13]} 27. Qc2 {[%clk 0:59:31]} Rc8 {[%clk 0:27:59]} 28. b4 {[%clk
0:59:18]} Qb7 {[%clk 0:24:18]} 29. a3 {[%clk 0:58:18]} Rc7 {[%clk 0:21:30]} 30.
Be2 {[%clk 0:48:36]} Bd8 {[%clk 0:20:54]} 31. Qc5 {[%clk 0:47:40]} Be7 {[%clk
0:20:36]} 32. Qa5 {[%clk 0:46:11]} Bd6 {[%clk 0:19:36]} 33. Qa6 {[%clk 0:46:11]}
Qxa6 {[%clk 0:18:55]} 34. Bxa6 {[%clk 0:44:53]} Kg8 {[%clk 0:17:23]} 35. Be2
{[%clk 0:42:39]} Kf8 {[%clk 0:15:03]} 36. Ba6 {[%clk 0:38:40]} Ke8 {[%clk
0:13:05]} 37. Kg2 {[%clk 0:38:40]} Kf8 {[%clk 0:09:57]} 38. Kf3 {[%clk 0:38:51]}
Ke8 {[%clk 0:09:40]} 39. Kg3 {[%clk 0:27:44]} Rg7+ {[%clk 0:07:31]} 40. Kh3
{[%clk 0:57:18]} Rc7 {[%clk 0:36:45]} 41. Kh4 {[%clk 0:57:17]} Kf7 {[%clk
0:31:41]} 42. Kh5 {[%clk 0:48:10]} Kf6 {[%clk 0:29:23]} 43. Kh4 {[%clk 0:42:49]}
Kf7 {[%clk 0:29:06]} 44. Kg3 {[%clk 0:43:10]} Ke8 {[%clk 0:28:00]} 45. Kf3 {[%clk
0:43:31]} Kf7 {[%clk 0:27:37]} 46. Ke2 {[%clk 0:43:45]} Kf6 {[%clk 0:26:10]} 47.
Kd3 {[%clk 0:43:32]} Kf7 {[%clk 0:25:43]} 48. Kc3 {[%clk 0:42:45]} Ke7 {[%clk
0:25:45]} 49. Kb3 {[%clk 0:42:46]} Ke8 {[%clk 0:25:22]} 50. Ka4 {[%clk 0:42:53]}
Kf7 {[%clk 0:24:40]} 51. Ka5 {[%clk 0:42:45]} Ke7 {[%clk 0:23:01]} 52. Be2 {[%clk
0:41:48]} Ke8 {[%clk 0:20:23]} 53. Bd1 {[%clk 0:40:03]} Kd7 {[%clk 0:17:50]} 54.
Ba4 {[%clk 0:39:56]} Be7 {[%clk 0:17:18]} 55. Ka6 {[%clk 0:38:28]} Kd6 {[%clk
0:17:03]} 56. Rc5 {[%clk 0:37:04]} Bh4 {[%clk 0:16:15]} 57. Rc2 {[%clk 0:35:19]}
Be7 {[%clk 0:15:29]} 58. Rc3 {[%clk 0:31:37]} Bh4 {[%clk 0:15:33]} 59. Rc2 {[%clk
0:23:27]} Be7 {[%clk 0:15:45]} 60. Rxc6+ {[%clk 0:21:07]} Rxc6+ {[%clk 0:15:43]}
61. Bxc6 {[%clk 0:21:36]} Kxc6 {[%clk 0:12:43]} 62. b5+ {[%clk 0:21:53]} Kc7
{[%clk 0:12:07]} 63. Kxa7 {[%clk 0:21:33]} Bxa3 {[%clk 0:11:44]} 64. b6+ {[%clk
0:22:02]} Kd7 {[%clk 0:09:35]} 65. b7 {[%clk 0:22:28]} Bd6 {[%clk 0:09:58]} 66.
b8Q {[%clk 0:22:45]} Bxb8+ {[%clk 0:10:21]} 67. Kxb8 {[%clk 0:23:06]} Kd8 {[%clk
0:10:27]} 68. Kb7 {[%clk 0:22:26]} Kd7 {[%clk 0:10:42]} 69. Ka8 {[%clk 0:21:20]}
Kc8 {[%clk 0:10:42]} 70. Ka7 {[%clk 0:21:15]} Kc7 {[%clk 0:11:03]} 71. Ka6 {[%clk
0:21:34]} Kc6 {[%clk 0:11:13]} 72. Ka5 {[%clk 0:21:46]} Kc7 {[%clk 0:11:13]} 73.
h3 {[%clk 0:21:35]} h6 {[%clk 0:11:30]} 74. Ka4 {[%clk 0:21:27]} Kc6 {[%clk
0:11:25]} 75. Ka5 {[%clk 0:21:40]} Kc7 {[%clk 0:11:24]} 76. Kb5 {[%clk 0:21:44]}
Kb7 {[%clk 0:11:37]} 77. h4 {[%clk 0:22:08]} h5 {[%clk 0:11:59]} 78. Ka4 {[%clk
0:22:04]} Ka6 {[%clk 0:12:00]} 1/2-1/2

[Event "Baku Chess Olympiad | Open"]
[Site "chess24.com"]
[Date "2016.09.06"]
[Round "5"]
[White "Yahi Mohamed Salem"]
[Black "Espirito Santo, Waldyr"]
[Result "1/2-1/2"]
[Board "2"]
[WhiteID "19600160"]
[WhiteElo "1852"]
[WhiteTitle "CM"]
[WhiteCountry "MTN"]
[WhiteFideId "19600160"]
[WhiteEloChange "2"]
[BlackID "16900049"]
[BlackElo "1915"]
[BlackCountry "STP"]
[BlackFideId "16900049"]
[BlackEloChange "-2"]

1. d4 {[%clk 1:30:57]} Nf6 {[%clk 1:30:16]} 2. c4 {[%clk 1:31:20]} g6 {[%clk
1:30:29]} 3. Nc3 {[%clk 1:31:34]} Bg7 {[%clk 1:30:40]} 4. Nf3 {[%clk 1:31:22]}
O-O {[%clk 1:30:38]} 5. Bg5 {[%clk 1:30:04]} h6 {[%clk 1:30:15]} 6. Bf4 {[%clk
1:30:15]} d6 {[%clk 1:29:21]} 7. Qd2 {[%clk 1:30:29]} Kh7 {[%clk 1:29:18]} 8. e4
{[%clk 1:30:11]} e5 {[%clk 1:24:40]} 9. dxe5 {[%clk 1:30:26]} dxe5 {[%clk
1:24:14]} 10. Qxd8 {[%clk 1:30:05]} Rxd8 {[%clk 1:24:26]} 11. Bxe5 {[%clk
1:30:04]} Re8 {[%clk 1:22:44]} 12. Bxf6 {[%clk 1:28:37]} Bxf6 {[%clk 1:22:26]}
13. Nd2 {[%clk 1:27:31]} Na6 {[%clk 1:19:27]} 14. Bd3 {[%clk 1:26:13]} Nc5 {[%clk
1:16:27]} 15. Bc2 {[%clk 1:26:22]} Bxc3 {[%clk 1:14:43]} 16. bxc3 {[%clk
1:26:47]} f5 {[%clk 1:11:22]} 17. f3 {[%clk 1:27:03]} fxe4 {[%clk 1:11:09]} 18.
Nxe4 {[%clk 1:25:32]} Bf5 {[%clk 1:10:50]} 19. O-O {[%clk 1:25:39]} Bxe4 {[%clk
1:01:56]} 20. Bxe4 {[%clk 1:25:31]} Nxe4 {[%clk 0:49:00]} 21. fxe4 {[%clk
1:25:49]} Re7 {[%clk 0:48:57]} 22. Rae1 {[%clk 1:25:19]} Kg7 {[%clk 0:45:02]} 23.
Rf3 {[%clk 1:19:18]} a5 {[%clk 0:42:43]} 24. a4 {[%clk 1:17:08]} Ra6 {[%clk
0:41:58]} 25. Rd3 {[%clk 1:15:09]} Rc6 {[%clk 0:38:44]} 26. Rd4 {[%clk 1:15:04]}
Rf6 {[%clk 0:37:14]} 27. e5 {[%clk 1:13:22]} Rf5 {[%clk 0:31:55]} 28. Rd5 {[%clk
1:11:53]} b6 {[%clk 0:31:24]} 29. h3 {[%clk 1:08:16]} Kf7 {[%clk 0:30:13]} 30. g4
{[%clk 1:06:28]} Rf3 {[%clk 0:29:18]} 31. Rf1 {[%clk 1:06:41]} Rxf1+ {[%clk
0:29:28]} 32. Kxf1 {[%clk 1:07:07]} Ke6 {[%clk 0:24:28]} 33. Rb5 {[%clk 1:04:49]}
h5 {[%clk 0:16:47]} 34. c5 {[%clk 1:04:55]} Rf7+ {[%clk 0:14:48]} 35. Ke2 {[%clk
1:04:32]} hxg4 {[%clk 0:14:31]} 36. cxb6 {[%clk 1:03:52]} gxh3 {[%clk 0:05:52]}
37. b7 {[%clk 1:02:09]} h2 {[%clk 0:05:54]} 38. b8Q {[%clk 1:00:53]} h1Q {[%clk
0:05:32]} 39. Qe8+ {[%clk 1:00:59]} Re7 {[%clk 0:04:21]} 40. Qxg6+ {[%clk
1:31:09]} Kd7 {[%clk 0:34:16]} 41. Qf5+ {[%clk 1:30:31]} Re6 {[%clk 0:31:39]} 42.
Qf7+ {[%clk 1:27:55]} Re7 {[%clk 0:29:30]} 43. Qd5+ {[%clk 1:25:12]} Qxd5 {[%clk
0:29:15]} 44. Rxd5+ {[%clk 1:25:33]} Ke6 {[%clk 0:28:18]} 45. Rxa5 {[%clk
1:25:52]} Kf5 {[%clk 0:28:14]} 46. Kd3 {[%clk 1:25:39]} Rxe5 {[%clk 0:26:32]} 47.
Rxe5+ {[%clk 1:25:56]} Kxe5 {[%clk 0:26:57]} 48. Kc4 {[%clk 1:26:01]} Kd6 {[%clk
0:25:59]} 49. Kb5 {[%clk 1:26:21]} Kd7 {[%clk 0:25:45]} 50. c4 {[%clk 1:26:28]}
Kc8 {[%clk 0:25:33]} 51. c5 {[%clk 1:26:28]} Kb7 {[%clk 0:25:08]} 52. c6+ {[%clk
1:25:22]} Ka7 {[%clk 0:21:49]} 53. Kc4 {[%clk 1:24:22]} Ka6 {[%clk 0:21:19]}
1/2-1/2

[Event "Baku Chess Olympiad | Open"]
[Site "chess24.com"]
[Date "2016.09.06"]
[Round "5"]
[White "Li, Hui"]
[Black "Salim Issa Ali Shamas"]
[Result "1-0"]
[Board "1"]
[WhiteID "15400310"]
[WhiteElo "1964"]
[WhiteTitle "CM"]
[WhiteCountry "MAC"]
[WhiteFideId "15400310"]
[WhiteEloChange "9"]
[BlackID "22000062"]
[BlackElo "1932"]
[BlackTitle "CM"]
[BlackCountry "OMA"]
[BlackFideId "22000062"]
[BlackEloChange "-9"]

1. e4 {[%clk 1:30:59]} e5 {[%clk 1:30:42]} 2. Nf3 {[%clk 1:30:38]} Nc6 {[%clk
1:31:00]} 3. Bb5 {[%clk 1:30:49]} a6 {[%clk 1:30:51]} 4. Ba4 {[%clk 1:23:30]} Nf6
{[%clk 1:30:57]} 5. O-O {[%clk 1:23:46]} b5 {[%clk 1:28:55]} 6. Bb3 {[%clk
1:23:55]} Be7 {[%clk 1:29:13]} 7. Re1 {[%clk 1:13:54]} d6 {[%clk 1:29:15]} 8. c3
{[%clk 1:13:46]} O-O {[%clk 1:29:14]} 9. h3 {[%clk 1:13:39]} Na5 {[%clk 1:29:22]}
10. Bc2 {[%clk 1:14:00]} c5 {[%clk 1:29:30]} 11. d4 {[%clk 1:14:20]} Qc7 {[%clk
1:29:53]} 12. Nbd2 {[%clk 1:13:48]} Bd7 {[%clk 1:28:43]} 13. Nf1 {[%clk 0:55:09]}
Rac8 {[%clk 1:28:43]} 14. d5 {[%clk 0:40:59]} Rfe8 {[%clk 1:27:13]} 15. Ng3
{[%clk 0:31:17]} c4 {[%clk 1:27:10]} 16. Nh2 {[%clk 0:26:12]} Nb7 {[%clk
1:26:57]} 17. Qf3 {[%clk 0:22:04]} Qb6 {[%clk 1:25:55]} 18. Bd2 {[%clk 0:18:51]}
Nc5 {[%clk 1:26:00]} 19. Nf5 {[%clk 0:17:58]} Bxf5 {[%clk 1:25:31]} 20. Qxf5
{[%clk 0:17:57]} g6 {[%clk 1:25:12]} 21. Qf3 {[%clk 0:18:21]} Ncd7 {[%clk
1:23:38]} 22. Ng4 {[%clk 0:17:58]} Nxg4 {[%clk 1:23:55]} 23. hxg4 {[%clk
0:17:56]} f6 {[%clk 1:23:55]} 24. g3 {[%clk 0:17:10]} Rf8 {[%clk 1:24:07]} 25.
Qe2 {[%clk 0:17:06]} Rf7 {[%clk 1:24:20]} 26. Kg2 {[%clk 0:16:14]} g5 {[%clk
1:24:36]} 27. b4 {[%clk 0:14:59]} cxb3 {[%clk 1:20:36]} 28. axb3 {[%clk 0:15:01]}
Qb7 {[%clk 1:20:26]} 29. Ra2 {[%clk 0:13:34]} Bd8 {[%clk 1:19:55]} 30. Rea1
{[%clk 0:13:37]} a5 {[%clk 1:19:16]} 31. Bd3 {[%clk 0:10:39]} Rb8 {[%clk
1:19:36]} 32. b4 {[%clk 0:08:53]} a4 {[%clk 1:06:03]} 33. c4 {[%clk 0:09:02]}
bxc4 {[%clk 1:06:06]} 34. Bxc4 {[%clk 0:09:25]} Nb6 {[%clk 1:06:28]} 35. Bb5
{[%clk 0:07:01]} h5 {[%clk 1:00:42]} 36. Bc6 {[%clk 0:04:42]} Qc8 {[%clk
1:00:35]} 37. gxh5 {[%clk 0:04:22]} f5 {[%clk 1:00:55]} 38. f3 {[%clk 0:02:19]}
g4 {[%clk 0:58:51]} 39. fxg4 {[%clk 0:02:40]} f4 {[%clk 0:59:09]} 40. Rf1 {[%clk
0:30:38]} f3+ {[%clk 1:29:10]} 41. Rxf3 {[%clk 0:30:56]} Qxg4 {[%clk 1:29:27]}
42. Be1 {[%clk 0:17:27]} Bg5 {[%clk 1:24:35]} 43. Rxf7 {[%clk 0:17:21]} Qxe2+
{[%clk 1:24:04]} 44. Rxe2 {[%clk 0:17:51]} Kxf7 {[%clk 1:24:17]} 45. Ra2 {[%clk
0:16:01]} Kg7 {[%clk 1:23:54]} 46. Bxa4 {[%clk 0:14:58]} Kh6 {[%clk 1:23:52]} 47.
Bd1 {[%clk 0:13:37]} Nc4 {[%clk 1:24:14]} 48. Be2 {[%clk 0:11:32]} Ne3+ {[%clk
1:24:20]} 49. Kg1 {[%clk 0:11:00]} Rc8 {[%clk 1:24:43]} 50. Bd2 {[%clk 0:11:07]}
Nc4 {[%clk 1:24:22]} 51. Bxg5+ {[%clk 0:11:23]} Kxg5 {[%clk 1:24:31]} 52. Rc2
{[%clk 0:11:04]} Nb6 {[%clk 1:24:51]} 53. Rxc8 {[%clk 0:11:19]} Nxc8 {[%clk
1:25:11]} 54. Kf2 {[%clk 0:11:41]} Nb6 {[%clk 1:25:26]} 55. Ke3 {[%clk 0:11:59]}
Na4 {[%clk 1:25:29]} 56. b5 {[%clk 0:11:58]} Nb6 {[%clk 1:25:29]} 57. Kd2 {[%clk
0:12:19]} Nd7 {[%clk 1:24:58]} 58. Kc3 {[%clk 0:12:16]} Nc5 {[%clk 1:25:15]} 59.
Bf3 {[%clk 0:12:14]} Kf6 {[%clk 1:25:22]} 60. Kb4 {[%clk 0:11:05]} Ke7 {[%clk
1:25:25]} 61. b6 {[%clk 0:10:40]} Kd8 {[%clk 1:25:22]} 62. h6 {[%clk 0:10:56]}
Nd7 {[%clk 1:25:22]} 63. h7 {[%clk 0:10:56]} Nxb6 {[%clk 1:24:23]} 64. h8Q+
{[%clk 0:11:17]} Kc7 {[%clk 1:24:41]} 65. Kb5 {[%clk 0:11:28]} Nc8 {[%clk
1:24:15]} 66. Bg4 {[%clk 0:11:38]} Na7+ {[%clk 1:23:07]} 67. Ka6 {[%clk 0:12:03]}
Nc6 {[%clk 1:22:37]} 68. Qc8# {[%clk 0:12:22]} 1-0

[Event "Baku Chess Olympiad | Open"]
[Site "chess24.com"]
[Date "2016.09.06"]
[Round "5"]
[White "Brookfield, Toby"]
[Black "Greenidge, Ronuel"]
[Result "1-0"]
[Board "3"]
[WhiteID "10700234"]
[WhiteElo "1909"]
[WhiteTitle "CM"]
[WhiteCountry "GCI"]
[WhiteFideId "10700234"]
[WhiteEloChange "5"]
[BlackID "19700075"]
[BlackElo "1723"]
[BlackTitle "CM"]
[BlackCountry "GUY"]
[BlackFideId "19700075"]
[BlackEloChange "-5"]

1. e4 {[%clk 1:30:56]} c6 {[%clk 1:30:54]} 2. d4 {[%clk 1:31:15]} d5 {[%clk
1:31:19]} 3. Nd2 {[%clk 1:31:37]} dxe4 {[%clk 1:31:36]} 4. Nxe4 {[%clk 1:31:58]}
Nd7 {[%clk 1:32:00]} 5. Ng5 {[%clk 1:30:56]} Ngf6 {[%clk 1:30:18]} 6. Bd3 {[%clk
1:30:32]} e6 {[%clk 1:30:12]} 7. N1f3 {[%clk 1:29:40]} Be7 {[%clk 1:30:20]} 8.
O-O {[%clk 1:28:40]} O-O {[%clk 1:28:25]} 9. c3 {[%clk 1:21:55]} h6 {[%clk
1:27:09]} 10. Ne4 {[%clk 1:21:48]} Nxe4 {[%clk 1:27:32]} 11. Bxe4 {[%clk
1:21:48]} Nf6 {[%clk 1:27:32]} 12. Bc2 {[%clk 1:21:59]} c5 {[%clk 1:28:25]} 13.
Re1 {[%clk 1:14:35]} Qc7 {[%clk 1:26:46]} 14. Qe2 {[%clk 1:04:50]} b6 {[%clk
1:25:52]} 15. h3 {[%clk 1:02:00]} Bb7 {[%clk 1:25:57]} 16. Bd2 {[%clk 0:59:47]}
Rad8 {[%clk 1:23:36]} 17. Rac1 {[%clk 0:59:22]} Qc6 {[%clk 1:22:50]} 18. Bf4
{[%clk 0:50:20]} Nd5 {[%clk 1:09:32]} 19. Be5 {[%clk 0:46:51]} c4 {[%clk
1:06:21]} 20. Bb1 {[%clk 0:44:14]} Rde8 {[%clk 1:01:15]} 21. Qc2 {[%clk 0:40:28]}
f5 {[%clk 1:00:46]} 22. Re2 {[%clk 0:38:17]} Bg5 {[%clk 0:55:29]} 23. Rd1 {[%clk
0:30:18]} a5 {[%clk 0:51:00]} 24. Bg3 {[%clk 0:23:49]} Bf4 {[%clk 0:49:51]} 25.
Bxf4 {[%clk 0:20:14]} Nxf4 {[%clk 0:50:09]} 26. Re3 {[%clk 0:19:59]} Rf6 {[%clk
0:49:57]} 27. Kh2 {[%clk 0:13:03]} Rg6 {[%clk 0:48:03]} 28. g3 {[%clk 0:11:17]}
Nd5 {[%clk 0:48:15]} 29. Re5 {[%clk 0:08:31]} Nf4 {[%clk 0:45:25]} 30. d5 {[%clk
0:07:50]} Nxd5 {[%clk 0:45:29]} 31. Nd4 {[%clk 0:07:57]} Qd6 {[%clk 0:40:31]} 32.
Rde1 {[%clk 0:07:57]} Re7 {[%clk 0:33:11]} 33. Qd1 {[%clk 0:04:53]} Rf6 {[%clk
0:25:02]} 34. Nxf5 {[%clk 0:04:51]} exf5 {[%clk 0:23:16]} 35. Rxe7 {[%clk
0:03:15]} Nxe7 {[%clk 0:22:52]} 36. Qxd6 {[%clk 0:03:12]} Rxd6 {[%clk 0:23:15]}
37. Rxe7 {[%clk 0:03:32]} Bf3 {[%clk 0:23:27]} 38. Bxf5 {[%clk 0:01:36]} Bc6
{[%clk 0:16:15]} 39. Re2 {[%clk 0:01:14]} Kf7 {[%clk 0:15:57]} 40. h4 {[%clk
0:30:50]} g6 {[%clk 0:41:24]} 41. Bh3 {[%clk 0:28:38]} Rd1 {[%clk 0:36:54]} 42.
Bg2 {[%clk 0:28:31]} Bd7 {[%clk 0:37:02]} 43. Bf3 {[%clk 0:26:14]} Rd3 {[%clk
0:34:31]} 44. Kg2 {[%clk 0:24:41]} h5 {[%clk 0:33:11]} 45. Be4 {[%clk 0:23:48]}
Rd1 {[%clk 0:33:21]} 46. f3 {[%clk 0:23:25]} Kf6 {[%clk 0:33:10]} 47. Kf2 {[%clk
0:22:53]} Bh3 {[%clk 0:30:39]} 48. Ke3 {[%clk 0:21:57]} Bf5 {[%clk 0:22:16]} 49.
Kf4 {[%clk 0:17:59]} Bd7 {[%clk 0:21:03]} 50. Bc2 {[%clk 0:16:28]} Rf1 {[%clk
0:20:28]} 51. Rd2 {[%clk 0:15:46]} Bg4 {[%clk 0:20:18]} 52. Be4 {[%clk 0:12:44]}
Ke7 {[%clk 0:18:45]} 53. Bd5 {[%clk 0:11:18]} Kf6 {[%clk 0:17:41]} 54. Re2 {[%clk
0:09:34]} b5 {[%clk 0:16:17]} 55. Ke3 {[%clk 0:05:13]} Bd7 {[%clk 0:16:10]} 56.
Kd4 {[%clk 0:05:07]} Rg1 {[%clk 0:15:48]} 57. Kc5 {[%clk 0:03:38]} Rxg3 {[%clk
0:15:44]} 58. Kd6 {[%clk 0:03:02]} Bf5 {[%clk 0:15:30]} 59. Rh2 {[%clk 0:02:54]}
g5 {[%clk 0:14:42]} 60. Kc5 {[%clk 0:02:46]} Bd7 {[%clk 0:14:38]} 61. Kd6 {[%clk
0:02:06]} Bh3 {[%clk 0:13:43]} 62. Kc5 {[%clk 0:02:02]} gxh4 {[%clk 0:11:31]} 63.
Kxb5 {[%clk 0:02:04]} Ke5 {[%clk 0:11:04]} 64. Kxc4 {[%clk 0:01:55]} Bf1+ {[%clk
0:11:14]} 65. Kc5 {[%clk 0:02:15]} h3 {[%clk 0:11:16]} 66. b4 {[%clk 0:01:47]}
axb4 {[%clk 0:11:17]} 67. cxb4 {[%clk 0:02:14]} Kf4 {[%clk 0:10:43]} 68. a4
{[%clk 0:01:34]} Rg1 {[%clk 0:10:07]} 69. b5 {[%clk 0:01:18]} Bg2 {[%clk
0:09:47]} 70. b6 {[%clk 0:01:02]} Rb1 {[%clk 0:09:53]} 71. a5 {[%clk 0:01:04]}
Kg3 {[%clk 0:09:54]} 72. Rxh3+ {[%clk 0:01:25]} Bxh3 {[%clk 0:09:08]} 73. a6
{[%clk 0:01:52]} Bc8 {[%clk 0:09:14]} 74. a7 {[%clk 0:01:42]} Ra1 {[%clk
0:09:21]} 75. a8Q {[%clk 0:02:07]} Rxa8 {[%clk 0:09:31]} 76. Bxa8 {[%clk
0:02:35]} Kf4 {[%clk 0:09:46]} 77. Kd6 {[%clk 0:01:28]} h4 {[%clk 0:09:40]} 78.
Kc7 {[%clk 0:01:54]} Ba6 {[%clk 0:09:58]} 79. Bb7 {[%clk 0:02:09]} Be2 {[%clk
0:08:15]} 80. Bc6 {[%clk 0:02:28]} Ba6 {[%clk 0:07:46]} 81. Bd7 {[%clk 0:02:42]}
Kg3 {[%clk 0:06:55]} 82. Bc8 {[%clk 0:02:43]} Bxc8 {[%clk 0:06:55]} 83. Kxc8
{[%clk 0:03:12]} h3 {[%clk 0:05:24]} 84. b7 {[%clk 0:03:41]} h2 {[%clk 0:05:33]}
85. b8Q+ {[%clk 0:04:04]} Kg2 {[%clk 0:05:35]} 86. Qxh2+ {[%clk 0:04:04]} 1-0

[Event "Baku Chess Olympiad | Open"]
[Site "chess24.com"]
[Date "2016.09.06"]
[Round "5"]
[White "Sikivou, Taione"]
[Black "Pierre, Jn Claude"]
[Result "1-0"]
[Board "3"]
[WhiteID "11400153"]
[WhiteElo "1812"]
[WhiteCountry "FIJ"]
[WhiteFideId "11400153"]
[WhiteEloChange "13"]
[BlackID "11900253"]
[BlackElo "1912"]
[BlackCountry "HAI"]
[BlackFideId "11900253"]
[BlackEloChange "-13"]

1. e4 {[%clk 1:30:57]} Nf6 {[%clk 1:30:32]} 2. Nc3 {[%clk 1:30:29]} e5 {[%clk
1:27:58]} 3. Nf3 {[%clk 1:29:13]} Nc6 {[%clk 1:26:49]} 4. Bb5 {[%clk 1:27:47]} d6
{[%clk 1:23:29]} 5. d4 {[%clk 1:26:12]} exd4 {[%clk 1:23:30]} 6. Nxd4 {[%clk
1:26:39]} Bd7 {[%clk 1:23:49]} 7. O-O {[%clk 1:25:58]} Be7 {[%clk 1:24:09]} 8.
Bg5 {[%clk 1:21:28]} O-O {[%clk 1:24:22]} 9. h3 {[%clk 1:20:32]} Re8 {[%clk
1:24:06]} 10. Re1 {[%clk 1:20:20]} h6 {[%clk 1:23:47]} 11. Bh4 {[%clk 1:20:22]}
a6 {[%clk 1:23:42]} 12. Nxc6 {[%clk 1:18:37]} bxc6 {[%clk 1:23:14]} 13. Bc4
{[%clk 1:18:29]} Nh7 {[%clk 1:17:03]} 14. Bxe7 {[%clk 1:15:17]} Qxe7 {[%clk
1:16:59]} 15. Qd3 {[%clk 1:09:41]} a5 {[%clk 1:16:03]} 16. Rad1 {[%clk 1:08:48]}
Qh4 {[%clk 1:15:19]} 17. f4 {[%clk 0:54:13]} Rab8 {[%clk 1:12:04]} 18. Bb3 {[%clk
0:53:44]} Nf6 {[%clk 1:10:35]} 19. Rf1 {[%clk 0:44:16]} Re7 {[%clk 1:04:10]} 20.
Rde1 {[%clk 0:39:40]} Nh5 {[%clk 1:03:39]} 21. Qf3 {[%clk 0:28:32]} Rbe8 {[%clk
0:52:01]} 22. Kh2 {[%clk 0:22:01]} Kh8 {[%clk 0:47:37]} 23. g4 {[%clk 0:18:53]}
Nf6 {[%clk 0:46:47]} 24. Kg2 {[%clk 0:14:58]} c5 {[%clk 0:43:16]} 25. Nd5 {[%clk
0:13:15]} Nxd5 {[%clk 0:40:41]} 26. Bxd5 {[%clk 0:13:20]} Bb5 {[%clk 0:40:31]}
27. c4 {[%clk 0:10:55]} Bd7 {[%clk 0:40:45]} 28. e5 {[%clk 0:11:08]} f6 {[%clk
0:40:17]} 29. Re2 {[%clk 0:09:24]} dxe5 {[%clk 0:35:18]} 30. Rfe1 {[%clk
0:08:34]} f5 {[%clk 0:34:41]} 31. gxf5 {[%clk 0:07:52]} Qf6 {[%clk 0:33:02]} 32.
fxe5 {[%clk 0:06:52]} Rxe5 {[%clk 0:33:21]} 33. Rxe5 {[%clk 0:06:42]} Rxe5 {[%clk
0:33:47]} 34. Rxe5 {[%clk 0:06:29]} Qxe5 {[%clk 0:34:11]} 35. Be6 {[%clk
0:02:41]} Qxb2+ {[%clk 0:23:37]} 36. Kg3 {[%clk 0:02:38]} Qe5+ {[%clk 0:23:51]}
37. Qf4 {[%clk 0:02:48]} Qxf4+ {[%clk 0:24:07]} 38. Kxf4 {[%clk 0:03:15]} Be8
{[%clk 0:24:30]} 39. Ke5 {[%clk 0:03:20]} Kh7 {[%clk 0:24:32]} 40. h4 {[%clk
0:31:50]} g5 {[%clk 0:54:33]} 41. Kf6 {[%clk 0:26:09]} g4 {[%clk 0:53:53]} 42.
Bd5 {[%clk 0:22:06]} Bd7 {[%clk 0:54:04]} 43. Be4 {[%clk 0:22:25]} Be8 {[%clk
0:51:07]} 44. Ke7 {[%clk 0:21:51]} Bh5 {[%clk 0:51:07]} 45. f6+ {[%clk 0:21:51]}
Kg8 {[%clk 0:51:01]} 46. Bd5+ {[%clk 0:22:39]} Kh7 {[%clk 0:51:16]} 47. f7 {[%clk
0:22:49]} Bxf7 {[%clk 0:51:19]} 48. Kxf7 {[%clk 0:23:13]} h5 {[%clk 0:51:24]} 49.
Be4+ {[%clk 0:22:12]} Kh6 {[%clk 0:51:36]} 50. Kf6 {[%clk 0:22:37]} a4 {[%clk
0:51:36]} 51. a3 {[%clk 0:22:52]} g3 {[%clk 0:51:53]} 52. Bg2 {[%clk 0:23:13]}
Kh7 {[%clk 0:51:58]} 53. Kg5 {[%clk 0:23:39]} Kg7 {[%clk 0:52:25]} 54. Kxh5
{[%clk 0:23:49]} Kf6 {[%clk 0:52:53]} 55. Kg4 {[%clk 0:23:54]} Ke5 {[%clk
0:53:07]} 56. h5 {[%clk 0:24:05]} Kd4 {[%clk 0:53:36]} 57. h6 {[%clk 0:23:48]}
Kxc4 {[%clk 0:54:04]} 58. h7 {[%clk 0:24:07]} Kb3 {[%clk 0:54:31]} 59. h8Q {[%clk
0:24:19]} c4 {[%clk 0:54:55]} 60. Qa1 {[%clk 0:23:40]} c3 {[%clk 0:55:07]} 61.
Qc1 {[%clk 0:23:29]} c5 {[%clk 0:55:21]} 62. Kxg3 {[%clk 0:22:51]} c4 {[%clk
0:55:42]} 63. Kf2 {[%clk 0:21:00]} c2 {[%clk 0:55:24]} 64. Ke2 {[%clk 0:20:20]}
Kc3 {[%clk 0:55:43]} 65. Be4 {[%clk 0:20:15]} Kb3 {[%clk 0:55:53]} 66. Bxc2+
{[%clk 0:20:42]} Ka2 {[%clk 0:56:19]} 67. Bxa4 {[%clk 0:19:07]} c3 {[%clk
0:55:45]} 68. Qxc3 {[%clk 0:18:34]} Kb1 {[%clk 0:56:00]} 69. Bc2+ {[%clk
0:17:45]} Kc1 {[%clk 0:56:13]} 70. Bd3# {[%clk 0:17:58]} 1-0